| 000 | 00871nas a2200265 4500 | ||
|---|---|---|---|
| 001 | BR8702068 | ||
| 003 | BR-BrBNA | ||
| 005 | 20231205090640.0 | ||
| 007 | ta | ||
| 008 | 230509b bl.|||p| |||| 00| 00por d | ||
| 040 |
_aBR-BrBNA _bpor _cBiblioteca Nacional de Agricultura |
||
| 041 | _a(Pt) | ||
| 072 | _aF30 | ||
| 100 | 1 | _aSantos, A.B. dos | |
| 100 | 1 | _aCutrim, V. dos A. | |
| 100 | 1 | _aCastro, E. da M. de | |
| 245 | 1 | _aComportamento de linhagens de arroz irrigado no aproveitamento da soca [Oryza sativa] | |
| 246 | 1 | _aPerformance of lowland rice cultivars/lines in ratoon crop. | |
| 650 | _aARROZ IRRIGADO | ||
| 650 | _aSOCA | ||
| 650 | _aCOMPORTAMENTO DE VARIEDADE | ||
| 773 | 0 |
_tPesquisa Agropecuaria Brasileira (Brazil) _xISSN 0100-204X _g(Jun 1986), v. 21(6) p. 673-675 _wBR8702068 |
|
| 909 |
_a202311 _bLúcia _c55 _dLúcia Elande |
||
| 942 |
_2AGRIS _n0 _cANA |
||
| 999 |
_c120009 _d120009 |
||